Goethe, poet and thinker : (Record no. 20543)
[ view plain ]
| 000 -LEADER | |
|---|---|
| fixed length control field | 00600nam a2200193Ia 4500 |
| 008 - FIXED-LENGTH DATA ELEMENTS--GENERAL INFORMATION | |
| fixed length control field | 210303s9999 xx 000 0 und d |
| 016 ## - NATIONAL BIBLIOGRAPHIC AGENCY CONTROL NUMBER | |
| Source | reto2022b |
| 040 ## - CATALOGING SOURCE | |
| Original cataloging agency | NLN |
| Language of cataloging | English |
| 100 ## - MAIN ENTRY--AUTHOR | |
| Author | WILKINSON, Elizabeth Mary |
| Relator term | aut |
| 245 #0 - TITLE STATEMENT | |
| Title | Goethe, poet and thinker : |
| Remainder of title | essays |
| Statement of responsibility, etc | Elizabeth M. Wilkinson and L.A. Willoughby |
| 260 ## - PUBLICATION, DISTRIBUTION, ETC. (IMPRINT) | |
| Place of publication | New York : |
| Name of publisher | Barnes & Noble, |
| Date of publication | 1963, c1962 |
| 300 ## - COLLATION | |
| Pagination | 248p. |
| Other physical details | ; 22cm |
| 563 ## - BINDING INFORMATION | |
| Binding note | (pbk) |
| 650 ## - TRACINGS | |
| Main Subject | Goethe, Johann Wolfgang von, 1749-1832. |
| 700 ## - ADDITIONAL AUTHOR | |
| Additional Author | <a href=" Willoughby, L.A."> Willoughby, L.A.</a> |
| Relator term | ctb |
| 942 ## - ADDED ENTRY ELEMENTS (KOHA) | |
| Item type | Books |
| 050 ## - LIBRARY OF CONGRESS CALL NUMBER | |
| Classification number | PT2177 |
| Item number | .W54 |
| 082 ## - DEWEY DECIMAL CLASSIFICATION NUMBER | |
| Classification number | 831.6 |
| Withdrawn status | Lost status | Source of classification or shelving scheme | Damaged status | Not for loan | Home library | Current library | Date acquired | Total Checkouts | Full call number | Barcode. | Date last seen | Price effective from | Koha item type |
|---|---|---|---|---|---|---|---|---|---|---|---|---|---|
| Library of Congress Classification | LAGOS BRANCH | National Library of Nigeria | 04/03/2021 | PT2177 .W54 | 2024-555555551000775 | 04/03/2021 | 04/03/2021 | Books |
